000 00661nam a22002297a 4500
999 _c10799
_d10799
003 AR-CdUCM
008 190402b ||||| |||| 00| 0 spa d
020 _a84-305-0158-4
040 _aMUNICIPALIDAD PROVINCIAL DEL CUSCO
_cBIBLIOTECA MUNICIPAL DEL CUSCO
082 _aEP / 372.64 /
_bA57
100 _aAdersen
_927835
245 _aEl jabalí de bronce /
260 _aMadrid :
_bSusaeta,
300 _bIlustraciones,
_c27 cm.
440 _aColecciones Esmeralda
_927836
500 _aLibro sin numeración
505 _aContenido :Cuento /
650 _aEducación primaria
_91561
650 _aCuento
_94671
942 _2ddc
_cLIBROS
945 _arjall